000 01287nam a2200289 i 4500
001 18927
003 ES-MaACL
005 20250807233241.0
007 t|
008 020410s2001 sp ||||1| spa d
020 _a84-451-2019-0
080 _a728.1(4/6-015)(063)
111 2 _aEncuentro en la Arquitectura (
_n4º.
_d2000.
_cMadrid)
_9622
245 1 3 _aLa casa mediterránea
_b: IV Encuentro en la Arquitectura, del 5 al 9 de mayo de 2000, Instituto Español de Arquitectura, Universidad de Alcalá, Madrid /
_ccoordinan y editan Ana Estirado Gorría y Cristina García-Rosales ; [organiza] La Mujer Construye.
260 _a[Madrid] :
_bDirección General de la Mujer,
_c[2001]
300 _a243 p. :
_bil. ;
_c22 cm.
490 1 _aPublicaciones/DGM, Dirección General de la Mujer ;
_v21
504 _aBibliografía.
650 1 4 _aVivendas-
_zMediterráneo (Región)-
_vCongresos y asambleas.
_917838
700 1 _aEstirado Gorría, Ana.
_948178
700 1 _aGarcía-Rosales, Cristina.
_955226
710 2 _aLa Mujer Construye (Grupo)
_95463
710 1 _aMadrid (Comunidad Autónoma).
_bDirección General de la Mujer.
_95615
830 0 0 _aDGM, Dirección General de la Mujer
_v21
_9228545
852 _aES-MaACL
_jL-25394
_bR.130415
999 _c18927
_d18927